MARC

LEADER 00000nam0a2200000 4500
001 215614
005 20231101230000.0
035 |a (RuTPU)RU\TPU\book\235544 
090 |a 215614 
100 |a 20120515d2011 m y0rusy50 ca 
101 0 |a rus 
102 |a RU 
105 |a a j 001zy 
200 1 |a Теоретические основы измерительных и информационных технологий  |e учебное пособие  |f В. К. Жуков  |g Национальный исследовательский Томский политехнический университет (ТПУ) 
210 |a Томск  |c Изд-во ТПУ  |d 2011 
215 |a 232 с.  |c ил. 
320 |a Библиогр.: с. 231. 
606 1 |a Метрология  |2 stltpush  |3 (RuTPU)RU\TPU\subj\43497  |9 62988 
610 1 |a случайные величины 
610 1 |a случайные функции 
610 1 |a теория множеств 
610 1 |a энтропия 
610 1 |a информация 
610 1 |a измерения 
610 1 |a свойства 
610 1 |a величины 
610 1 |a единицы 
610 1 |a шкалы 
610 1 |a измерительные сигналы 
610 1 |a преобразование 
610 1 |a погрешности 
610 1 |a средства измерения 
610 1 |a нормирование 
610 1 |a расчеты 
610 1 |a учебные пособия 
610 1 |a труды учёных ТПУ 
675 |a 006(075.8)  |v 4 
700 1 |a Жуков  |b В. К.  |c электрофизик  |c Заслуженный профессор Томского политехнического университета, доктор технических наук  |f 1937-  |g Владимир Константинович  |2 stltpush  |3 (RuTPU)RU\TPU\pers\19785 
712 0 2 |a Национальный исследовательский Томский политехнический университет (ТПУ)  |c (2009- )  |2 stltpush  |3 (RuTPU)RU\TPU\col\15902 
801 1 |a RU  |b 63413507  |c 20120515 
801 2 |a RU  |b 63413507  |c 20121001  |g RCR 
942 |c BK